| 000 | 01277nam a2200253Ia 4500 | ||
|---|---|---|---|
| 001 | 18147 | ||
| 003 | GE_BSU | ||
| 008 | 181216s||||||||xx |||||||||||||| ||und|| | ||
| 020 | _a99928-30-11-5 | ||
| 040 | _cGE_BSU | ||
| 080 | _a003.323.1 + 003.334.2 | ||
| 100 | _aქაფიანიძე, ზურაბ., მიბჩუანი, თეიმურაზ | ||
| 245 | _aშუმერულ-ქართული პარალელები.კაცობრიობის პირველი ანბანი შუმერულ-ქართული ასომთავრული | ||
| 245 | _cრედ.: გიორგი ციციშვილი | ||
| 260 | _aთბილისი | ||
| 260 | _bშ.პ.ს. "ფორმა | ||
| 260 | _c2002 | ||
| 300 | _a504გვ. : 87ილ. ; 29სმ. | ||
| 520 | _aპარალ სათ. ინგლ.ენ. | ||
| 541 | _h25ლ. | ||
| 653 | _aშუმერული ანბანი; ქართული ანბანი | ||
| 653 | _aშუმერულ-ქართული პარალელები.კაცობრიობის პირველი ანბანი შუმერულ-ქართული ასომთავრული | ||
| 942 | _cBK | ||
| 999 |
_c51188 _d51188 |
||